| 000 | 00902nam a22002417a 4500 | ||
|---|---|---|---|
| 005 | 20091005140955.0 | ||
| 008 | 091005t xxu||||| |||| 00| 0 eng d | ||
| 010 | _aENG-95072 | ||
| 020 |
_a9789380236124 _c75.00 |
||
| 035 | _aEN-78605 | ||
| 037 | _bDBAD/PUB | ||
| 040 | _aDPL | ||
| 082 | _a488.1 | ||
| 100 | _aSubbulakshmi, V. | ||
| 240 |
_aEmpower your vocabulary _hENG |
||
| 245 |
_aEmpower your vocabulary: _cV. Subbulakshmi _b(with key to practice exercises) / |
||
| 260 |
_aTamilnadu _bPrintmagic Publishing House _c2009 |
||
| 270 |
_a2, 1st f., Guru Comples , Thanjavur _bThanjavur _e613007 _k04362-277308 |
||
| 300 |
_a106p. _c21 cm.(pbk) |
||
| 650 | _aVocabulary | ||
| 942 |
_2ddc _cEN _mSUB _h488.1 |
||
| 999 |
_c30779 _d30779 |
||